000
00322nam a2200133Ia 4500
100
_a
Riley/ W.F./ Zachary
942
_c
BK
654
_a
Mechanics of materials
245
_a
Introduction to Mechanics of Materials
260
_b
John Wiley
_a
New York
_c
1989
082
_a
620.112
_b
PAN
546
_a
ENGLISH
999
_c
18093
_d
18093